[Event "EUYCC 2024 U8"]
[Site "?"]
[Date "2024.08.09"]
[Round "5.1"]
[White "Rosu, Razvan-Mihai"]
[Black "Pham, Han Nam"]
[Result "0-1"]
[BlackElo "1654"]
[WhiteElo "1645"]
[LiveChessVersion "1.4.8"]

1. d4 {[%clk 1:30:56]} d5 {[%clk 1:30:28]} 2. Nf3 {[%clk 1:31:06]} e6
{[%clk 1:30:16]} 3. g3 {[%clk 1:31:19]} c5 {[%clk 1:30:14]} 4. c4
{[%clk 1:30:27]} Nc6 {[%clk 1:29:23]} 5. cxd5 {[%clk 1:28:27]} exd5
{[%clk 1:29:38]} 6. Nc3 {[%clk 1:27:57]} c4 {[%clk 1:28:20]} 7. Bg2
{[%clk 1:22:44]} Nf6 {[%clk 1:28:36]} 8. Bg5 {[%clk 1:20:46]} Be7
{[%clk 1:21:08]} 9. Ne5 {[%clk 1:17:28]} Be6 {[%clk 1:20:00]} 10. Qa4
{[%clk 1:15:55]} Qd6 {[%clk 1:17:26]} 11. Nb5 {[%clk 1:10:22]} Qb4+
{[%clk 1:16:22]} 12. Qxb4 {[%clk 1:09:51]} Bxb4+ {[%clk 1:16:39]} 13. Kd1
{[%clk 1:04:39]} Rc8 {[%clk 1:11:25]} 14. a3 {[%clk 1:02:33]} Be7
{[%clk 1:10:14]} 15. Bf4 {[%clk 0:56:58]} a6 {[%clk 1:09:29]} 16. Nxc6
{[%clk 0:56:06]} Rxc6 {[%clk 1:09:13]} 17. Nc7+ {[%clk 0:55:52]} Kd7
{[%clk 1:09:13]} 18. Nxe6 {[%clk 0:56:04]} fxe6 {[%clk 1:08:42]} 19. Kc2
{[%clk 0:54:01]} b5 {[%clk 1:08:05]} 20. f3 {[%clk 0:47:38]} Bd6 {[%clk 1:06:57]}
21. Bg5 {[%clk 0:46:01]} h6 {[%clk 1:02:50]} 22. Bxf6 {[%clk 0:45:21]} gxf6
{[%clk 1:03:10]} 23. e4 {[%clk 0:45:27]} Bb8 {[%clk 1:01:44]} 24. exd5
{[%clk 0:44:52]} exd5 {[%clk 1:02:04]} 25. Rhe1 {[%clk 0:44:35]} Rd6
{[%clk 1:00:38]} 26. Bh3+ {[%clk 0:44:31]} Kc6 {[%clk 0:59:43]} 27. Re7
{[%clk 0:42:16]} Bc7 {[%clk 0:59:12]} 28. a4 {[%clk 0:36:50]} b4 {[%clk 0:57:58]}
29. a5 {[%clk 0:36:54]} Rb8 {[%clk 0:57:39]} 30. Bf5 {[%clk 0:32:14]} b3+
{[%clk 0:56:51]} 31. Kb1 {[%clk 0:29:20]} Rb5 {[%clk 0:55:17]} 32. Bg6
{[%clk 0:22:15]} Rb8 {[%clk 0:52:28]} 33. f4 {[%clk 0:20:14]} Kb7
{[%clk 0:50:33]} 34. Ra4 {[%clk 0:19:18]} Kc8 {[%clk 0:48:46]} 35. Re8+
{[%clk 0:19:31]} Kd7 {[%clk 0:48:43]} 36. Rxb8 {[%clk 0:19:36]} Bxb8
{[%clk 0:48:39]} 37. Rb4 {[%clk 0:18:47]} Bc7 {[%clk 0:48:51]} 38. Ra4
{[%clk 0:18:06]} Ke6 {[%clk 0:46:12]} 39. f5+ {[%clk 0:18:06]} Ke7
{[%clk 0:45:17]} 40. Kc1 {[%clk 0:16:04]} Rd7 {[%clk 0:44:53]} 41. Bh7
{[%clk 0:11:41]} Kd6 {[%clk 0:43:51]} 42. Bg8 {[%clk 0:11:31]} Rg7
{[%clk 0:43:52]} 43. Be6 {[%clk 0:10:23]} Rg4 {[%clk 0:44:12]} 44. Rb4
{[%clk 0:10:05]} Rxd4 {[%clk 0:43:34]} 45. Ra4 {[%clk 0:07:00]} Re4
{[%clk 0:43:21]} 46. Kd2 {[%clk 0:06:54]} c3+ {[%clk 0:42:59]} 47. Kxc3
{[%clk 0:06:51]} Rxa4 {[%clk 0:43:05]} 48. Kxb3 {[%clk 0:06:55]} Rxa5
{[%clk 0:43:20]} 49. g4 {[%clk 0:06:12]} Rc5 {[%clk 0:42:39]} 50. Bc8
{[%clk 0:04:47]} Rc6 {[%clk 0:42:59]} 51. h4 {[%clk 0:04:47]} d4 {[%clk 0:43:08]}
52. g5 {[%clk 0:04:30]} hxg5 {[%clk 0:43:31]} 53. h5 {[%clk 0:03:36]} d3
{[%clk 0:43:51]} 54. h6 {[%clk 0:03:59]} d2 {[%clk 0:44:14]} 55. Kb4
{[%clk 0:04:16]} d1=Q {[%clk 0:44:26]} 56. h7 {[%clk 0:04:23]} Ba5+
{[%clk 0:44:06]} 57. Kxa5 {[%clk 0:03:55]} Qa1+ {[%clk 0:44:23]} 58. Kb4
{[%clk 0:04:09]} Qxb2+ {[%clk 0:44:47]} 59. Ka4 {[%clk 0:04:26]} Rc4+
{[%clk 0:44:49]} 60. Ka5 {[%clk 0:04:40]} Qb5# {[%clk 0:45:11]} 0-1

[Event "EUYCC 2024 U8"]
[Site "?"]
[Date "2024.08.09"]
[Round "5.2"]
[White "Rusek, Witold"]
[Black "Dragoi, Aaron-Mathias"]
[Result "0-1"]
[BlackElo "1598"]
[WhiteElo "1574"]
[LiveChessVersion "1.4.8"]

1. e4 {[%clk 1:30:53]} c6 {[%clk 1:30:48]} 2. d4 {[%clk 1:31:17]} d5
{[%clk 1:31:10]} 3. Nc3 {[%clk 1:31:35]} dxe4 {[%clk 1:30:53]} 4. Nxe4
{[%clk 1:31:57]} Bf5 {[%clk 1:30:35]} 5. Ng3 {[%clk 1:32:23]} Bg6
{[%clk 1:30:50]} 6. h4 {[%clk 1:32:47]} h6 {[%clk 1:30:39]} 7. h5
{[%clk 1:33:14]} Bh7 {[%clk 1:30:20]} 8. Nf3 {[%clk 1:33:39]} Nd7
{[%clk 1:30:34]} 9. Bd3 {[%clk 1:33:08]} Bxd3 {[%clk 1:30:51]} 10. Qxd3
{[%clk 1:32:13]} Ngf6 {[%clk 1:29:21]} 11. Bd2 {[%clk 1:30:34]} e6
{[%clk 1:27:26]} 12. O-O-O {[%clk 1:28:04]} Qc7 {[%clk 1:27:20]} 13. c4
{[%clk 1:24:37]} O-O-O {[%clk 1:25:40]} 14. Kb1 {[%clk 1:19:34]} Bd6
{[%clk 1:19:45]} 15. Ne2 {[%clk 1:18:43]} c5 {[%clk 1:10:05]} 16. Rc1
{[%clk 1:13:01]} Nb6 {[%clk 1:01:44]} 17. Rc3 Kb8 {[%clk 0:48:21]} 18. Rhc1
{[%clk 1:05:39]} e5 {[%clk 0:45:29]} 19. dxc5 {[%clk 1:03:05]} Bxc5
{[%clk 0:45:42]} 20. Qf5 {[%clk 1:02:06]} e4 {[%clk 0:36:19]} 21. Nfd4
{[%clk 0:58:55]} Ka8 {[%clk 0:28:12]} 22. Nb5 {[%clk 0:57:35]} Qc6
{[%clk 0:26:38]} 23. Bf4 {[%clk 0:55:27]} Rd7 {[%clk 0:23:23]} 24. Nxa7
{[%clk 0:54:06]} Kxa7 {[%clk 0:17:50]} 25. Ra3+ {[%clk 0:53:50]} Na4
{[%clk 0:18:12]} 26. Qxc5+ {[%clk 0:53:07]} Qxc5 {[%clk 0:17:05]} 27. Rxa4+
{[%clk 0:53:24]} Kb6 {[%clk 0:17:27]} 28. Be3 {[%clk 0:53:47]} Qxe3
{[%clk 0:17:42]} 29. fxe3 {[%clk 0:53:45]} Nxh5 {[%clk 0:17:36]} 30. c5+
{[%clk 0:53:39]} Kc6 {[%clk 0:15:50]} 31. Rxe4 {[%clk 0:53:02]} Rd2
{[%clk 0:15:24]} 32. Nf4 {[%clk 0:52:50]} Nxf4 {[%clk 0:15:04]} 33. Rxf4
{[%clk 0:53:08]} Rxg2 {[%clk 0:15:06]} 34. Rxf7 {[%clk 0:53:05]} Re8
{[%clk 0:14:45]} 35. Re1 {[%clk 0:52:49]} h5 {[%clk 0:12:49]} 36. Rf4
{[%clk 0:51:55]} g5 {[%clk 0:11:59]} 37. Rf5 {[%clk 0:51:54]} h4 {[%clk 0:12:02]}
38. b4 {[%clk 0:49:28]} h3 {[%clk 0:11:29]} 39. Rff1 {[%clk 0:48:53]} h2
{[%clk 0:11:38]} 40. Rh1 {[%clk 0:43:50]} Re4 {[%clk 0:11:53]} 41. a3
{[%clk 0:42:56]} Reg4 {[%clk 0:12:14]} 42. Kc1 {[%clk 0:42:18]} Rg1
{[%clk 0:12:29]} 43. Kd2 {[%clk 0:42:21]} R4g2+ {[%clk 0:12:44]} 44. Re2
{[%clk 0:42:14]} Rxe2+ {[%clk 0:13:04]} 45. Kxe2 {[%clk 0:42:37]} Rxh1
{[%clk 0:13:26]} 0-1

[Event "EUYCC 2024 U8"]
[Site "?"]
[Date "2024.08.09"]
[Round "5.3"]
[White "Esmer, Milan"]
[Black "Petrov, Valery P."]
[Result "1-0"]
[BlackElo "1459"]
[WhiteElo "1784"]
[LiveChessVersion "1.4.8"]

1. e4 {[%clk 1:30:57]} e5 {[%clk 1:30:43]} 2. Nf3 {[%clk 1:31:17]} Nc6
{[%clk 1:30:53]} 3. Bc4 {[%clk 1:31:28]} Nf6 {[%clk 1:31:10]} 4. d3
{[%clk 1:31:47]} Bc5 {[%clk 1:31:20]} 5. Nbd2 {[%clk 1:32:00]} d6
{[%clk 1:31:01]} 6. O-O {[%clk 1:32:07]} Bg4 {[%clk 1:30:55]} 7. c3
{[%clk 1:32:17]} O-O {[%clk 1:31:07]} 8. Re1 {[%clk 1:32:07]} Na5
{[%clk 1:30:26]} 9. Bb5 {[%clk 1:28:41]} a6 {[%clk 1:30:17]} 10. Ba4 b5
{[%clk 1:30:34]} 11. b4 {[%clk 1:28:30]} Ba7 {[%clk 1:30:02]} 12. bxa5
{[%clk 1:28:14]} bxa4 {[%clk 1:30:20]} 13. Qxa4 {[%clk 1:27:57]} Re8
{[%clk 1:29:54]} 14. Rb1 {[%clk 1:26:48]} Qe7 {[%clk 1:28:00]} 15. Ba3
{[%clk 1:26:18]} Bxf3 {[%clk 1:26:31]} 16. Nxf3 {[%clk 1:26:17]} Ng4
{[%clk 1:26:43]} 17. d4 {[%clk 1:25:49]} Qf6 {[%clk 1:26:22]} 18. h3
{[%clk 1:24:38]} Nh6 {[%clk 1:26:37]} 19. Rb7 {[%clk 1:24:07]} exd4
{[%clk 1:24:57]} 20. cxd4 {[%clk 1:23:53]} Qg6 {[%clk 1:23:39]} 21. Rxa7
{[%clk 1:22:39]} Rab8 {[%clk 1:23:16]} 22. d5 {[%clk 1:22:09]} Qf6
{[%clk 1:22:25]} 23. Rxc7 {[%clk 1:21:52]} Red8 {[%clk 1:20:40]} 24. Rc6
{[%clk 1:19:44]} g5 {[%clk 1:20:14]} 25. e5 {[%clk 1:19:27]} Qf5 {[%clk 1:19:46]}
26. Bxd6 {[%clk 1:18:19]} Rb7 {[%clk 1:19:20]} 27. Ba3 {[%clk 1:16:14]} Rxd5
{[%clk 1:19:04]} 28. Rxh6 {[%clk 1:15:55]} Qd3 {[%clk 1:15:51]} 29. Qe8+
{[%clk 1:16:08]} Kg7 {[%clk 1:16:01]} 30. Qf8# {[%clk 1:16:29]} 1-0

[Event "EUYCC 2024 U8"]
[Site "?"]
[Date "2024.08.10"]
[Round "6.2"]
[White "Petrov, Valery P."]
[Black "Dragoi, Aaron-Mathias"]
[Result "0-1"]
[BlackElo "1598"]
[WhiteElo "1459"]
[LiveChessVersion "1.4.8"]

1. e4 {[%clk 1:30:54]} d5 {[%clk 1:30:56]} 2. exd5 {[%clk 1:30:51]} Qxd5
{[%clk 1:31:19]} 3. Nc3 {[%clk 1:31:03]} Qa5 {[%clk 1:31:45]} 4. d4
{[%clk 1:30:44]} c6 {[%clk 1:32:05]} 5. Nf3 {[%clk 1:30:39]} Bg4 {[%clk 1:32:28]}
6. Be2 {[%clk 1:30:37]} Nf6 {[%clk 1:32:49]} 7. h3 {[%clk 1:30:17]} Bh5
{[%clk 1:33:13]} 8. O-O {[%clk 1:30:31]} e6 {[%clk 1:33:35]} 9. Bd2
{[%clk 1:30:14]} Qc7 {[%clk 1:33:56]} 10. Bg5 {[%clk 1:27:54]} Nbd7
{[%clk 1:34:02]} 11. Qd2 {[%clk 1:27:00]} Be7 {[%clk 1:32:34]} 12. Rad1
{[%clk 1:26:15]} O-O {[%clk 1:31:10]} 13. Rfe1 {[%clk 1:24:48]} Rad8
{[%clk 1:30:25]} 14. Nh2 {[%clk 1:22:49]} Bxe2 {[%clk 1:30:38]} 15. Qxe2
{[%clk 1:22:58]} Rfe8 {[%clk 1:29:03]} 16. Nf3 {[%clk 1:21:18]} h6
{[%clk 1:29:09]} 17. Bh4 {[%clk 1:21:21]} b5 {[%clk 1:23:09]} 18. a3
{[%clk 1:20:57]} a5 {[%clk 1:23:19]} 19. Na2 {[%clk 1:18:52]} Nb6
{[%clk 1:22:45]} 20. Ne5 {[%clk 1:17:14]} Nbd5 {[%clk 1:21:06]} 21. Qf3
{[%clk 1:15:32]} b4 {[%clk 1:19:06]} 22. axb4 {[%clk 1:15:11]} axb4
{[%clk 1:19:22]} 23. c4 {[%clk 1:13:47]} bxc3 {[%clk 1:18:42]} 24. bxc3
{[%clk 1:13:55]} c5 {[%clk 1:18:07]} 25. c4 {[%clk 1:11:55]} Nb6 {[%clk 1:17:52]}
26. Nc6 {[%clk 1:10:13]} Rc8 {[%clk 1:12:05]} 27. Nxe7+ {[%clk 1:09:12]} Qxe7
{[%clk 1:12:26]} 28. d5 {[%clk 1:08:14]} Nxc4 {[%clk 0:52:01]} 29. dxe6
{[%clk 1:06:54]} fxe6 {[%clk 0:50:42]} 30. Nc3 {[%clk 1:02:05]} Qf7
{[%clk 0:44:06]} 31. Bxf6 {[%clk 0:55:11]} Qxf6 {[%clk 0:44:03]} 32. Qe4
{[%clk 0:53:01]} Qxc3 {[%clk 0:43:27]} 33. Rd3 {[%clk 0:51:10]} Qb4
{[%clk 0:42:52]} 34. Rg3 {[%clk 0:50:32]} Nd6 {[%clk 0:42:10]} 35. Qe5
{[%clk 0:50:01]} Nf5 {[%clk 0:42:15]} 36. Rg6 {[%clk 0:48:49]} Qd4
{[%clk 0:42:02]} 37. Qe2 {[%clk 0:48:35]} Qd5 {[%clk 0:41:15]} 38. Qh5
{[%clk 0:48:06]} Kh7 {[%clk 0:40:49]} 39. Rd1 {[%clk 0:47:21]} Qb7
{[%clk 0:39:18]} 40. g4 {[%clk 0:45:19]} Qf3 {[%clk 0:37:55]} 41. Rd7
{[%clk 0:44:25]} Rg8 {[%clk 0:36:52]} 42. Rxe6 {[%clk 0:41:45]} Rgf8
{[%clk 0:27:22]} 43. Rg6 {[%clk 0:41:17]} Rg8 {[%clk 0:27:15]} 44. Rf6
{[%clk 0:41:28]} Kh8 {[%clk 0:19:16]} 45. Rxf5 {[%clk 0:40:00]} Qc6
{[%clk 0:17:25]} 46. Rff7 {[%clk 0:39:22]} Rce8 {[%clk 0:14:44]} 47. Kh2
{[%clk 0:37:46]} Re1 {[%clk 0:11:28]} 48. f3 {[%clk 0:36:54]} Qb6
{[%clk 0:08:04]} 49. Rd2 {[%clk 0:31:24]} c4 {[%clk 0:07:11]} 50. Rg2
{[%clk 0:29:48]} Qb1 {[%clk 0:05:05]} 51. Qh4 {[%clk 0:26:40]} Rh1+
{[%clk 0:05:22]} 52. Kg3 {[%clk 0:26:49]} Qe1+ {[%clk 0:05:30]} 53. Rf2
{[%clk 0:26:41]} Rg1+ {[%clk 0:03:57]} 54. Kh2 {[%clk 0:26:24]} c3
{[%clk 0:03:35]} 55. Rxg7 {[%clk 0:25:45]} Kxg7 {[%clk 0:03:31]} 56. g5
{[%clk 0:25:44]} hxg5 {[%clk 0:02:10]} 57. Qd4+ {[%clk 0:25:56]} Kh7
{[%clk 0:02:02]} 58. Qd3+ {[%clk 0:25:04]} Rg6 {[%clk 0:01:58]} 59. Qd7+
{[%clk 0:24:12]} Kh6 {[%clk 0:02:16]} 0-1

[Event "EUYCC 2024 U8"]
[Site "?"]
[Date "2024.08.10"]
[Round "6.3"]
[White "Rosu, Razvan-Mihai"]
[Black "Esmer, Milan"]
[Result "1-0"]
[BlackElo "1784"]
[WhiteElo "1645"]
[LiveChessVersion "1.4.8"]

1. d4 {[%clk 1:30:55]} Nf6 {[%clk 1:30:51]} 2. Nf3 {[%clk 1:31:17]} d5
{[%clk 1:31:07]} 3. g3 {[%clk 1:31:27]} Bf5 {[%clk 1:31:08]} 4. Bg2
{[%clk 1:31:44]} e6 {[%clk 1:31:23]} 5. O-O {[%clk 1:32:04]} Nbd7
{[%clk 1:30:09]} 6. c4 {[%clk 1:32:00]} c5 {[%clk 1:25:14]} 7. Nc3
{[%clk 1:31:38]} Nb6 {[%clk 1:22:07]} 8. cxd5 {[%clk 1:30:24]} Nbxd5
{[%clk 1:17:53]} 9. Bg5 {[%clk 1:28:28]} Nxc3 {[%clk 1:13:18]} 10. bxc3
{[%clk 1:28:23]} Be7 {[%clk 1:10:27]} 11. dxc5 {[%clk 1:28:08]} Qxd1
{[%clk 1:09:02]} 12. Rfxd1 {[%clk 1:28:26]} Ne4 {[%clk 1:09:08]} 13. Bxe7
{[%clk 1:24:20]} Nxc3 {[%clk 1:08:06]} 14. Bd6 {[%clk 1:20:23]} Nxd1
{[%clk 1:06:22]} 15. Rxd1 {[%clk 1:20:04]} Rd8 {[%clk 1:05:22]} 16. Nd4
{[%clk 1:19:28]} Bg6 {[%clk 0:55:50]} 17. Bxb7 {[%clk 1:18:41]} Kd7
{[%clk 0:53:30]} 18. Bc6+ {[%clk 1:18:19]} Kc8 {[%clk 0:53:48]} 19. Nb5
{[%clk 1:18:13]} Rdg8 {[%clk 0:52:59]} 20. Nxa7+ {[%clk 1:18:10]} Kd8
{[%clk 0:53:20]} 21. Be5+ {[%clk 1:17:49]} Ke7 {[%clk 0:53:27]} 22. Rd7+
{[%clk 1:17:54]} Ke8 {[%clk 0:52:54]} 23. Bd6 {[%clk 1:15:56]} Be4
{[%clk 0:51:15]} 24. Re7+ {[%clk 1:16:03]} Kd8 {[%clk 0:50:34]} 25. Bxe4
{[%clk 1:16:24]} f5 {[%clk 0:50:10]} 26. Nc6+ {[%clk 1:16:33]} Kc8
{[%clk 0:50:26]} 27. Bd3 {[%clk 1:16:53]} 1-0

[Event "EUYCC 2024 U8"]
[Site "?"]
[Date "2024.08.10"]
[Round "6.4"]
[White "Rusek, Witold"]
[Black "Vratny, Vojtech"]
[Result "0-1"]
[BlackElo "1601"]
[WhiteElo "1574"]
[LiveChessVersion "1.4.8"]

1. e4 {[%clk 1:30:59]} c6 {[%clk 1:30:27]} 2. d4 {[%clk 1:31:23]} d5
{[%clk 1:30:47]} 3. Nc3 {[%clk 1:31:44]} dxe4 {[%clk 1:30:54]} 4. Nxe4
{[%clk 1:32:04]} Nf6 {[%clk 1:30:40]} 5. Nxf6+ {[%clk 1:32:31]} exf6
{[%clk 1:30:52]} 6. c3 {[%clk 1:32:43]} Bd6 {[%clk 1:30:32]} 7. Bd3
{[%clk 1:32:30]} O-O {[%clk 1:30:28]} 8. Qc2 {[%clk 1:32:48]} Re8+
{[%clk 1:30:23]} 9. Ne2 {[%clk 1:32:59]} h6 {[%clk 1:30:00]} 10. Be3
{[%clk 1:33:09]} Nd7 {[%clk 1:29:19]} 11. O-O-O {[%clk 1:32:25]} Nf8
{[%clk 1:28:06]} 12. Kb1 {[%clk 1:29:59]} Be6 {[%clk 1:25:40]} 13. c4
{[%clk 1:28:16]} Rc8 {[%clk 1:24:20]} 14. b3 {[%clk 1:27:16]} b5 {[%clk 1:21:05]}
15. c5 {[%clk 1:25:31]} Bc7 {[%clk 1:18:28]} 16. Nf4 {[%clk 1:23:41]} Bxf4
{[%clk 1:18:05]} 17. Bxf4 {[%clk 1:23:52]} a5 {[%clk 1:13:54]} 18. Bd6
{[%clk 1:21:42]} Qd7 {[%clk 1:07:55]} 19. Rhe1 {[%clk 1:18:18]} Bd5
{[%clk 0:59:26]} 20. f3 {[%clk 1:16:54]} Rxe1 {[%clk 0:48:24]} 21. Rxe1
{[%clk 1:17:00]} Re8 {[%clk 0:48:10]} 22. Qd2 {[%clk 1:16:15]} a4
{[%clk 0:36:14]} 23. b4 {[%clk 1:14:28]} Qd8 {[%clk 0:28:45]} 24. Be4
{[%clk 1:11:42]} Qd7 {[%clk 0:20:14]} 25. Qd3 {[%clk 1:08:38]} f5
{[%clk 0:18:24]} 26. Be5 {[%clk 1:06:54]} fxe4 {[%clk 0:17:03]} 27. fxe4
{[%clk 1:06:49]} Bc4 {[%clk 0:13:43]} 28. Qg3 {[%clk 1:06:33]} Ng6
{[%clk 0:12:53]} 29. Bd6 {[%clk 1:05:24]} Qe6 {[%clk 0:10:49]} 30. a3
{[%clk 1:04:21]} Qf6 {[%clk 0:07:19]} 31. Qe3 {[%clk 1:02:21]} Qg5
{[%clk 0:04:18]} 32. g3 {[%clk 1:01:30]} Qxe3 {[%clk 0:04:08]} 33. Rxe3
{[%clk 1:01:54]} Ne7 {[%clk 0:03:38]} 34. g4 {[%clk 0:59:26]} Nd5
{[%clk 0:02:54]} 35. Re1 {[%clk 0:57:44]} Nc3+ {[%clk 0:03:11]} 36. Kc2
{[%clk 0:58:01]} Rxe4 {[%clk 0:02:45]} 37. Rxe4 {[%clk 0:57:42]} Nxe4
{[%clk 0:03:04]} 38. Bf4 {[%clk 0:57:38]} Kf8 {[%clk 0:03:01]} 39. h4
{[%clk 0:56:49]} Ke7 {[%clk 0:03:10]} 40. g5 {[%clk 0:57:04]} hxg5
{[%clk 0:03:27]} 41. hxg5 {[%clk 0:57:31]} Ke6 {[%clk 0:03:43]} 42. Bc1
{[%clk 0:57:56]} Kf5 {[%clk 0:04:03]} 43. Be3 {[%clk 0:58:18]} Nxg5
{[%clk 0:04:24]} 44. Kd2 {[%clk 0:58:36]} Ne4+ {[%clk 0:04:45]} 45. Ke1
{[%clk 0:58:59]} g5 {[%clk 0:05:09]} 46. Bg1 {[%clk 0:59:19]} g4 {[%clk 0:05:27]}
47. Be3 {[%clk 0:59:38]} Kg6 {[%clk 0:05:41]} 48. d5 {[%clk 0:59:55]} Bxd5
{[%clk 0:06:04]} 49. Kf1 {[%clk 1:00:19]} f5 {[%clk 0:06:15]} 50. Kg2
{[%clk 1:00:42]} Nc3+ {[%clk 0:06:37]} 51. Kg3 {[%clk 1:01:06]} Nb1
{[%clk 0:06:53]} 52. Bc1 {[%clk 1:01:35]} Kf6 {[%clk 0:07:03]} 53. Bb2+
{[%clk 1:01:57]} Ke6 {[%clk 0:07:22]} 54. Kf4 {[%clk 1:02:19]} Be4
{[%clk 0:06:34]} 55. Kg3 {[%clk 1:02:39]} Kd5 {[%clk 0:06:59]} 56. Kf4
{[%clk 1:02:51]} Kc4 {[%clk 0:07:10]} 57. Kg3 {[%clk 1:03:11]} Kb3
{[%clk 0:07:35]} 58. Bc1 {[%clk 1:03:39]} Nxa3 {[%clk 0:07:56]} 59. Bd2
{[%clk 1:04:02]} Nc2 {[%clk 0:06:15]} 60. Bc1 {[%clk 1:03:57]} Kxb4
{[%clk 0:06:35]} 61. Ba3+ {[%clk 1:04:21]} Nxa3 {[%clk 0:06:49]} 0-1

[Event "EUYCC 2024 U8"]
[Site "?"]
[Date "2024.08.11"]
[Round "7.1"]
[White "Esmer, Milan"]
[Black "Pham, Han Nam"]
[Result "0-1"]
[BlackElo "1654"]
[WhiteElo "1784"]
[LiveChessVersion "1.4.8"]

1. e4 {[%clk 1:30:56]} c5 {[%clk 1:30:31]} 2. c3 {[%clk 1:31:16]} d5
{[%clk 1:28:47]} 3. e5 {[%clk 1:24:58]} d4 {[%clk 1:27:40]} 4. d3
{[%clk 1:24:41]} Nc6 {[%clk 1:26:40]} 5. Nf3 {[%clk 1:24:44]} Bg4
{[%clk 1:25:07]} 6. Bf4 {[%clk 1:24:29]} e6 {[%clk 1:23:26]} 7. g3
{[%clk 1:22:50]} Nge7 {[%clk 1:22:22]} 8. Bg2 {[%clk 1:15:02]} Ng6
{[%clk 1:22:10]} 9. Bg5 {[%clk 1:14:23]} Bxf3 {[%clk 1:21:15]} 10. Qc1
{[%clk 1:05:09]} Qd5 {[%clk 1:19:34]} 11. Bxf3 {[%clk 0:47:34]} Qxf3
{[%clk 1:19:23]} 12. O-O {[%clk 0:47:28]} Be7 {[%clk 1:18:03]} 13. Bxe7
{[%clk 0:44:18]} Ngxe7 {[%clk 1:17:53]} 14. Nd2 {[%clk 0:42:11]} Qxd3
{[%clk 1:16:18]} 15. Nb3 {[%clk 0:39:17]} Qb5 {[%clk 1:15:48]} 16. Qg5
{[%clk 0:36:03]} O-O {[%clk 1:14:38]} 17. cxd4 {[%clk 0:35:40]} cxd4
{[%clk 1:12:10]} 18. Nxd4 {[%clk 0:35:13]} Nxd4 {[%clk 1:10:15]} 19. Qxe7
{[%clk 0:35:16]} Nf3+ {[%clk 1:09:21]} 20. Kg2 {[%clk 0:33:55]} Qd5
{[%clk 1:07:45]} 21. Rfc1 Rfe8 {[%clk 1:00:40]} 22. Qa3 {[%clk 0:28:15]} Nxe5+
{[%clk 0:59:08]} 23. Kg1 {[%clk 0:24:40]} Rad8 {[%clk 0:56:35]} 24. Qe3
{[%clk 0:18:59]} h6 {[%clk 0:54:10]} 25. Rc5 {[%clk 0:16:51]} Nf3+
{[%clk 0:52:12]} 26. Kg2 {[%clk 0:13:48]} Nh4+ {[%clk 0:52:16]} 27. Kh3
{[%clk 0:12:17]} Qg2+ {[%clk 0:52:24]} 28. Kxh4 {[%clk 0:11:34]} g5+
{[%clk 0:51:56]} 29. Kg4 {[%clk 0:07:57]} Kh7 {[%clk 0:51:28]} 30. h4
{[%clk 0:06:24]} Kg6 {[%clk 0:48:58]} 31. h5+ {[%clk 0:04:29]} Kh7
{[%clk 0:48:22]} 32. Rc7 {[%clk 0:04:12]} Kg8 {[%clk 0:48:29]} 33. Rxf7
{[%clk 0:01:19]} Kxf7 {[%clk 0:48:43]} 34. Rc1 {[%clk 0:01:38]} Re7
{[%clk 0:48:25]} 35. f3 {[%clk 0:00:59]} Red7 {[%clk 0:48:06]} 36. Re1
{[%clk 0:01:00]} Rd6 {[%clk 0:47:13]} 37. Rc1 {[%clk 0:00:58]} Rd3
{[%clk 0:46:17]} 38. Rc7+ {[%clk 0:00:57]} Kf6 {[%clk 0:46:24]} 39. Qe4
{[%clk 0:00:56]} R8d4 {[%clk 0:46:27]} 40. Rc4 {[%clk 0:01:00]} 0-1

[Event "EUYCC 2024 U8"]
[Site "?"]
[Date "2024.08.11"]
[Round "7.2"]
[White "Dragoi, Aaron-Mathias"]
[Black "Rosu, Razvan-Mihai"]
[Result "1-0"]
[BlackElo "1645"]
[WhiteElo "1598"]
[LiveChessVersion "1.4.8"]

1. e4 {[%clk 1:30:54]} c6 {[%clk 1:30:52]} 2. d4 {[%clk 1:31:07]} d5
{[%clk 1:31:11]} 3. exd5 {[%clk 1:29:47]} cxd5 {[%clk 1:31:19]} 4. Bd3
{[%clk 1:30:09]} Nc6 {[%clk 1:31:28]} 5. c3 {[%clk 1:30:32]} Nf6 {[%clk 1:31:42]}
6. Nf3 {[%clk 1:30:53]} Bg4 {[%clk 1:31:57]} 7. O-O {[%clk 1:31:07]} e6
{[%clk 1:32:12]} 8. Bf4 {[%clk 1:31:28]} Bd6 {[%clk 1:31:53]} 9. Bxd6
{[%clk 1:31:41]} Qxd6 {[%clk 1:32:00]} 10. Nbd2 {[%clk 1:31:50]} O-O
{[%clk 1:32:09]} 11. h3 {[%clk 1:32:02]} Bh5 {[%clk 1:32:14]} 12. Re1
{[%clk 1:32:26]} Rfe8 {[%clk 1:31:32]} 13. g4 {[%clk 1:24:42]} Bg6
{[%clk 1:30:46]} 14. Bxg6 {[%clk 1:24:08]} hxg6 {[%clk 1:31:07]} 15. Ne5
{[%clk 1:24:22]} Qc7 {[%clk 1:30:27]} 16. h4 {[%clk 1:13:41]} Nxe5
{[%clk 1:28:22]} 17. dxe5 {[%clk 1:14:01]} Nd7 {[%clk 1:28:14]} 18. Nf3
{[%clk 1:14:06]} Nc5 {[%clk 1:27:42]} 19. h5 {[%clk 1:11:08]} gxh5
{[%clk 1:26:22]} 20. gxh5 {[%clk 1:10:39]} Ne4 {[%clk 1:25:14]} 21. Kg2
{[%clk 1:10:49]} Qb6 {[%clk 1:22:18]} 22. Qe2 {[%clk 1:10:01]} Qa6
{[%clk 1:21:35]} 23. Qe3 {[%clk 1:07:37]} Qb6 {[%clk 1:20:44]} 24. Qe2
{[%clk 1:07:57]} Qd8 {[%clk 1:19:48]} 25. Rh1 {[%clk 1:07:12]} Ng5
{[%clk 1:18:35]} 26. Nd4 {[%clk 1:06:00]} Rc8 {[%clk 1:09:12]} 27. Rag1
{[%clk 1:00:34]} Ne4 {[%clk 1:05:06]} 28. Kf1 {[%clk 0:55:23]} Qc7
{[%clk 0:52:10]} 29. f3 {[%clk 0:47:22]} Nc5 {[%clk 0:51:23]} 30. Nb5
{[%clk 0:40:27]} Qe7 {[%clk 0:42:24]} 31. Nd6 {[%clk 0:39:37]} Red8
{[%clk 0:41:50]} 32. Nxc8 {[%clk 0:39:47]} Rxc8 {[%clk 0:42:11]} 33. Qg2
{[%clk 0:38:31]} f6 {[%clk 0:40:03]} 34. h6 {[%clk 0:37:44]} Rc7 {[%clk 0:37:17]}
35. hxg7 {[%clk 0:37:28]} Qxg7 {[%clk 0:31:35]} 36. Qh2 {[%clk 0:37:15]} Qxg1+
{[%clk 0:27:33]} 37. Rxg1+ {[%clk 0:36:51]} Rg7 {[%clk 0:27:25]} 38. exf6
{[%clk 0:37:04]} Rxg1+ {[%clk 0:27:30]} 39. Qxg1+ {[%clk 0:37:24]} Kf7
{[%clk 0:27:44]} 40. Qg7+ {[%clk 0:37:45]} Ke8 {[%clk 0:28:00]} 41. Qe7#
{[%clk 0:38:08]} 1-0